| 000 | 00655nam a22002297a 4500 | ||
|---|---|---|---|
| 005 | 20260322212011.0 | ||
| 008 | data | ||
| 010 | _a 96092085 | ||
| 020 | _a0965148718 | ||
| 020 | _a9780965148719 | ||
| 040 |
_aDLC _cDLC |
||
| 050 | 0 | 0 | _aMLCS 96/02978 (G) |
| 092 | _a917.4 D36 1996 | ||
| 100 | 1 | _aDeeds, Jean. | |
| 245 | 1 | 0 |
_aThere are mountains to climb / _cJean Deeds. |
| 260 |
_aIndianapolis, Ind. : _bSilverwood Press, _cc1996. |
||
| 300 |
_aviii, 216 p. : _bill. (some col.), maps ; _c22 cm. |
||
| 906 |
_a7 _bcbc _corignew _du _eopcn _f19 _gy-gencatlg |
||
| 991 |
_bc-GenColl _hMLCS 96/02978 (G) _tCopy 1 _wBOOKS |
||
| 001 | data | ||
| 999 |
_c226 _d226 |
||